Plenty of land to rent. (Record no. 61101)

MARC details
000 -LEADER
fixed length control field 00661cam a2200169 4500
001 - CONTROL NUMBER
control field WB3524-58
008 - FIXED-LENGTH DATA ELEMENTS--GENERAL INFORMATION
fixed length control field 000000n1999 000 0 eng u
035 ## - SYSTEM CONTROL NUMBER
System control number (Sirsi) u102009
245 ## - TITLE STATEMENT
Title Plenty of land to rent.
260 ## - PUBLICATION, DISTRIBUTION, ETC.
Date of publication, distribution, etc. 1999
490 ## - SERIES STATEMENT
Series statement Farmers Guardian
Volume/sequential designation 18 June 1999, 13(1)
520 ## - SUMMARY, ETC.
Summary, etc. The Central Association of Agricultural Valuers' tenanted farm survey shows that new land is continuing to flow into the letting sector due to the establishment of farm business tenancies.
650 ## - SUBJECT ADDED ENTRY--TOPICAL TERM
Topical term or geographic name entry element FARM BUSINESS TENANCIES
650 ## - SUBJECT ADDED ENTRY--TOPICAL TERM
Topical term or geographic name entry element PROPERTY-RURAL AND NATURAL ASSETS-AGRICULTURAL PROPERTY-AGRICULTURAL LAND
690 ## - LOCAL SUBJECT ADDED ENTRY--TOPICAL TERM (OCLC, RLIN)
Topical term or geographic name as entry element RURAL PRACTICE
942 ## - ADDED ENTRY ELEMENTS (KOHA)
Suppress in OPAC 0
Holdings
Withdrawn status Lost status Source of classification or shelving scheme Damaged status Not for loan Home library Current library Shelving location Date acquired Total Checkouts Full call number Barcode Date last seen Copy number Price effective from Koha item type
    Dewey Decimal Classification     London London News article 15/11/1999   WB3524-58 102009-1001 06/08/2019 1 06/08/2019 News article